[Event "ISR-ch U18"]
[Site "Tel Aviv"]
[Date "2011.04.14"]
[Round "5"]
[White "Raznikov, Danny"]
[Black "Koren, Eyal"]
[Result "1-0"]
[WhiteElo "2384"]
[BlackElo "1962"]
[PlyCount "155"]
[EventDate "2011.04.??"]
[EventType "tourn"]
[EventRounds "7"]
[EventCountry "ISR"]
[SourceTitle "EXT 2012"]
[Source "ChessBase"]
[SourceDate "2011.11.24"]
[SourceVersion "1"]
[SourceVersionDate "2011.11.24"]
[SourceQuality "1"]

1. d4 Nf6 2. c4 e6 3. Nf3 b6 4. g3 Bb7 5. Bg2 Be7 6. 0-0 0-0 7. Re1 d5 8. cxd5 exd5 9. Nc3 c5 10. dxc5 bxc5 11. Ne5 Na6 12. Bf4 Nc7 13. Qa4 Ne6 14. Rad1 Nxf4 15. gxf4 Qb6 16. Nd7 Nxd7 17. Qxd7 Bf6 18. Na4 Qb4 19. Nxc5 Qxc5 20. Qxb7 Bh4 21. Rf1 Rab8 22. Qd7 Rxb2 23. Rxd5 Qb6 24. Qg4 Bf6 25. a4 Rd8 26. Rxd8+ Qxd8 27. Rc1 Rb8 28. e3 Qd2 29. Rd1 Qc2 30. Qd7 g6 31. Rf1 Qc5 32. Bd5 Be7 33. Rd1 Rd8 34. Qb7 Kg7 35. Kg2 Kf8 36. Qb2 f6 37. Qb3 Kg7 38. h3 Qb4 39. Qc2 Qc5 40. Qe4 Qd6 41. Bb3 Qc7 42. Rc1 Qd7 43. Rc6 Bd6 44. Qc4 Qe7 45. a5 Rb8 46. Qd5 Rd8 47. Qf3 Rb8 48. Bc4 Rd8 49. a6 Rd7 50. Bb3 Rc7 51. Rxc7 Qxc7 52. Qd5 Qe7 53. Qg8+ Kh6 54. Bd5 Qf8 55. Qe6 Qe7 56. Qg4 Kg7 57. Qc8 Qf8 58. Qc6 Qe7 59. Bf3 Qc7 60. Qb5 Qe7 61. h4 Qc7 62. h5 Qe7 63. Qd5 Bc5 64. Qc6 Qd6 65. Qc8 Qf8 66. Qh3 Qe7 67. h6+ Kh8 68. Bd5 Qf8 69. Qe6 Bd6 70. Kf3 Bc5 71. e4 Bd6 72. Bc4 Qd8 73. Qf7 Qf8 74. Qxa7 Qxh6 75. Qa8+ Bf8 76. Kg2 Kg7 77. Qb7+ Kh8 78. Qf7 1-0